| 000 | 01486cam a22002775a 4500 | ||
|---|---|---|---|
| 001 | L136516 | ||
| 002 | 10198 | ||
| 008 | 070205s2006 xxk f 1 000 0 eng d | ||
| 020 |
_a0750668512 _a9780750668514 |
||
| 035 | _a(Sirsi) u136516 | ||
| 050 | 0 | 4 | _a621.31042 $2 18 |
| 100 | 1 | _aTricker, Ray | |
| 245 | 0 | 0 |
_aWiring regulations in brief _ba complete guide to the requirements of the 16th edition of the IEE Wiring Regulations, BS 7671 and Part P of the Building Regulations |
| 260 |
_aOxford _bButterworth Heinemann _c2006 |
||
| 300 |
_axxix, 617p. _c23cm. |
||
| 350 | _a19.99 | ||
| 505 | 2 | _aDomestic buildings -- Mandatory requirements -- Earthing -- External influences -- Electrical equipment, components, accessories and supplies -- Cables and conductors -- Special installations and locations -- Inspection and testing -- Installation, maintenance and repair | |
| 520 | _aA comprehensive reference to the requirements of the IEE Wiring Regulations and related standards. Discusses various areas of working practice, such as cables, installation, testing and inspection, and working in special locations. Provides information on the relevant requirements and specifications. | ||
| 590 | _aKA | ||
| 650 | 2 | 4 | _aIEE WIRING REGULATIONS (16TH EDITION) |
| 650 | 2 | 4 | _aBUILDING REGULATIONS 2000 APPROVED DOCUMENT P (2006 EDITION) |
| 650 | 2 | 4 | _aBS 7671: 2001 |
| 651 | 4 |
_aEngland and Wales _y1543- |
|
| 690 | _aBUILT ENVIRONMENT-ENGINEERING-ELECTRICAL ENGINEERING | ||
| 942 | _n0 | ||
| 999 |
_c106415 _d106415 |
||